01181nam a2200229Ia 4500001000900000003000500009005001700014008004100031020002200072040000900094082003000103110004600133245007600179260002100255300000700276503000700283505038800290650006100678650005600739651009600795710006000891dia_7753CHAP20251021145715.0220601s9999 xx 000 0 und d a978-607-7538-83-7 cCHAP aC 342.0872026972 L49 2013 aInstituto Nacional de Lenguas Indígenas aLey General de Derechos Lingüisticos de los Pueblos Indigenas / INALI aMéxico : INALI av. aD. av.1. Náhuatl de la sierra oeste de Puebla / traducción Pedro Hernández Hernández y Elizabeth Márquez Hernándezv.2. Triqui de la alta / traducción Santiago Rojas Felipev.3. Zoque del norte alto / traducción María Rosa de la Cruz Guzmán y Noemí Dominguez Domínguezv.4. Chinanteco del sureste medio / traducción Caritina Carrillo Ojeda y Gustavo Carrillo Ojeda a1. Indios de México - Lenguas - Leyes y legislación  aIndians of Mexico - Languages - Law and legislation a2. México - Lenguas - Leyes y legislación \ 4. Mexico - Languages - Law and legislation aInstituto Nacional de Lenguas Indígenas (México)Ì